[Event "Golden Cleopatra op"]
[Site "Cairo"]
[Date "2016.12.14"]
[Round "2"]
[White "Refaat, Ibrahim"]
[Black "Abdel Razik, Khaled"]
[Result "0-1"]
[WhiteElo "1974"]
[BlackElo "2375"]
[PlyCount "80"]
[EventDate "2016.12.13"]
[EventType "swiss"]
[EventRounds "10"]
[EventCountry "EGY"]
[SourceTitle "CBM 176 Extra"]
[Source "ChessBase"]
[SourceDate "2017.03.02"]
[SourceVersion "1"]
[SourceVersionDate "2017.03.02"]
[SourceQuality "1"]

1. e4 e6 2. Nc3 c5 3. f4 d5 4. Bb5+ Bd7 5. Bxd7+ Qxd7 6. Nf3 dxe4 7. Nxe4 Nc6 8. d3 Nf6 9. Be3 Qc7 10. Nxf6+ gxf6 11. Qd2 Rg8 12. 0-0-0 Nb4 13. Kb1 Nd5 14. b3 f5 15. Qe2 Bg7 16. Bd2 0-0-0 17. Rhe1 h5 18. Rg1 Bf6 19. Ne5 Rh8 20. Rde1 Rh7 21. a3 Rg8 22. c4 Bxe5 23. cxd5 Bd4 24. Be3 Bxe3 25. Qxe3 exd5 26. Qe5 Qd7 27. Rc1 b6 28. b4 Re8 29. Qd4 Re2 30. bxc5 Qb5+ 31. Ka1 Qb3 32. cxb6+ Kb7 33. Rc7+ Kb8 34. Rc8+ Kxc8 35. Qc5+ Kb7 36. Qc7+ Ka6 37. Qc8+ Kb5 38. Qd7+ Kc5 39. Rc1+ Kd4 40. Rc4+ Ke3 0-1

[Event "Cairo Egyptian op"]
[Site "Cairo"]
[Date "2016.04.23"]
[Round "2"]
[White "Hesham, Abdelrahman"]
[Black "Refaat, Ibrahim"]
[Result "1-0"]
[WhiteElo "2390"]
[BlackElo "2017"]
[PlyCount "67"]
[EventDate "2016.04.22"]
[EventType "swiss"]
[EventRounds "9"]
[EventCountry "EGY"]
[SourceTitle "CBM 172 Extra"]
[Source "ChessBase"]
[SourceDate "2016.06.21"]
[SourceVersion "1"]
[SourceVersionDate "2016.06.21"]
[SourceQuality "1"]

1. c4 Nf6 2. Nc3 g6 3. e4 d6 4. d4 Bg7 5. f3 0-0 6. Be3 a6 7. Qd2 c6 8. Bh6 e5 9. Bxg7 Kxg7 10. 0-0-0 Qe7 11. g4 b5 12. h4 h5 13. g5 Ne8 14. Nh3 Nd7 15. d5 c5 16. cxb5 Nc7 17. Kb1 Nb6 18. f4 exf4 19. Qxf4 Nd7 20. Nf2 Re8 21. Be2 Rb8 22. a4 Ne5 23. Rhf1 axb5 24. Nxb5 Nxb5 25. Bxb5 Bd7 26. Nd3 Bxb5 27. axb5 Nxd3 28. Rxd3 Rxb5 29. e5 dxe5 30. Qf6+ Qxf6 31. gxf6+ Kh6 32. Ra3 Rb7 33. Ra5 Rc7 34. Kc2 1-0